| 000 | 00743nam a2200241Ia 4500 | ||
|---|---|---|---|
| 003 | OSt | ||
| 005 | 20220923214939.0 | ||
| 006 | a|||||r|||| 00| 0 | ||
| 007 | ta | ||
| 008 | 220922b |||||||| |||| 00| 0 hin d | ||
| 024 | _a173,996 | ||
| 037 | _cTextual | ||
| 040 |
_aARTS _cARTS _bhin |
||
| 041 |
_2hin _ahin |
||
| 082 | _aO152,6N252x, J6;M3 | ||
| 100 | _aमिश्र, विद्यानिवास | ||
| 245 | 0 | _aतुम चन्दन हम पानी | |
| 246 | _aTum chandan ham pānī | ||
| 260 | _c1956 | ||
| 650 |
_aहिन्दी साहित्य _9156264 |
||
| 942 |
_hO152,6N252x, J6;M3 _cTEXL _2CC |
||
| 999 |
_c327815 _d327815 |
||